Přeskočit na obsah

PR в сфере культуры учебное пособие

В учебном пособии систематически изложены вопросы PR организации, учреждения, освещены цели, технологии этой деятельности, возможности анализа эффективности решения этих задач. В большей степени книга ориентирована на PR в деловой активности и особенно в социально-культурной некоммерческой сфере. В...

Celý popis

Uloženo v:
Podrobná bibliografie
Hlavní autor: Тульчинский Г. Л.
Médium: Книга
Jazyk:Russian
Vydáno: Санкт-Петербург Планета музыки 2025
Vydání:2-е изд., стер.
On-line přístup:https://e.lanbook.com/book/505335
https://e.lanbook.com/img/cover/book/505335.jpg
Tagy: Přidat tag
Žádné tagy, Buďte první, kdo otaguje tento záznam!
LEADER 01987nam0a2200277 i 4500
001 505335
003 RuSpLAN
005 20250828120308.0
008 250828s2025 ru gs 000 0 rus
020 |a 978-5-507-54035-8 
040 |a RuSpLAN 
041 0 |a rus 
044 |a ru 
080 |a 659.4 
084 |a 65.2902  |2 rubbk 
245 0 0 |a PR в сфере культуры  |b учебное пособие  |c Тульчинский Г. Л. 
250 |a 2-е изд., стер. 
260 |a Санкт-Петербург  |b Планета музыки  |c 2025 
300 |a 572 с. 
504 |a Библиогр.: доступна в карточке книги, на сайте ЭБС Лань 
520 8 |a В учебном пособии систематически изложены вопросы PR организации, учреждения, освещены цели, технологии этой деятельности, возможности анализа эффективности решения этих задач. В большей степени книга ориентирована на PR в деловой активности и особенно в социально-культурной некоммерческой сфере. В приложениях содержатся материалы и образцы документов, важные при практической организации PR. Книга может использоваться как для самостоятельного знакомства с PR, так и для преподавания соответствующих курсов в вузах. 
521 8 |a Книга из коллекции Планета музыки - Экономика и менеджмент 
100 1 |a Тульчинский Г. Л. 
856 4 |u https://e.lanbook.com/book/505335 
856 4 8 |u https://e.lanbook.com/img/cover/book/505335.jpg 
953 |a https://e.lanbook.com/img/cover/book/505335.jpg